000 00904nam a2200289 i 4500
003 EG-GICUC
005 20260322233331.0
008 260322s1953 ne ||fr|||| 00| 0 fre d
040 _aEG-GiCUC
_bfre
_cEG-GiCUC
_dEG-GiCUC
_eRda
041 0 _afre
082 0 4 _221
_a341.511
_bCO . A
092 0 4 _221
099 _aLaw1 11 341.511 CO . A 1953
110 2 _aCour Internationale De Justice
_eAuteur
245 1 0 _a Annuaire 1952-1953/
_cCour Internationale De Justice.
264 1 _aLeyde :
_bImprimerie A. W. Sijthoff,
_c1953.
300 _a259 page,
_c 24 cm.
336 _2rda contenu
_a texte
337 _2rda medias
_aOrdinateur
338 _2 transporteur rda
_a Ressource en ligne
546 _aTexte en français
650 1 4 _aDroit international public
651 1 _2qrmak
856 4 0 _uhttps://fll.law.cu.edu.eg/fulltext/bks/B11-08801.pdf
905 _a60
942 _2ddc
_cBK
_e21
_n0
999 _c66509
_d66509